000 004770000a22001810004500
003 MACL
005 20151227162146.0
008 151227b xxu||||| |||| 00| 0 eng d
040 _aMACL
_cmacl
041 _aEnglish
082 _a050.954/IAB
100 _aPublication Division
_923567
245 _aIndia 1986 A Reference Annual
260 _bPublication Division
_c1909
_aNew Delhi
350 _a70
650 _aSpecial Publication
_923568
942 _cBK
_k050.954/Ref
_2ddc
999 _c33909
_d33909